<?xml version="1.0" encoding="UTF-8"?>
<marc:record xmlns:marc="http://www.loc.gov/MARC21/slim">
   <marc:leader>00000nam a2200000 a 4500</marc:leader>
   <marc:datafield ind1="1" ind2=" " tag="100">
      <marc:subfield code="a">MacKay, Hilary</marc:subfield>
      <marc:subfield code="4">aut</marc:subfield>
      <marc:subfield code="e">Verfasser/-in</marc:subfield>
   </marc:datafield>
   <marc:datafield ind1=" " ind2=" " tag="653">
      <marc:subfield code="a">Spass</marc:subfield>
   </marc:datafield>
   <marc:datafield ind1="0" ind2="0" tag="245">
      <marc:subfield code="a">Das muss unser Glückstag sein</marc:subfield>
   </marc:datafield>
   <marc:datafield ind1=" " ind2="1" tag="264">
      <marc:subfield code="b">Oetinger</marc:subfield>
      <marc:subfield code="c">2005</marc:subfield>
   </marc:datafield>
   <marc:datafield ind1="1" ind2=" " tag="520">
      <marc:subfield code="a">Für die Cassons gehören Trubel und Chaos zum normalen Familienalltag dazu. Die älteste Tochter Maggy eröffnet ihrer überraschtenFamilie, dass sie ihrenFahrlehrer nun tatsächlich heiraten will. Ihre Schwester Saffy ist festentschlossen, sich den Feindenihres Bruders Indigo unerbittlich in den Weg zu stellen. Und die kleine Rosa ist in ihr bisher größtes Kunstwerk vertieft - nicht aber, ohne sich ständig neue Katastrophenmeldungen für ihren Daddy auszudenken.</marc:subfield>
   </marc:datafield>
   <marc:datafield ind1="3" ind2=" " tag="024">
      <marc:subfield code="a">3789142484</marc:subfield>
   </marc:datafield>
</marc:record>
